Sheʼelot u-teshuvot Maharam Shiḳ : (Record no. 32909)

MARC details
000 -LEADER
fixed length control field 00698cam a22002411 4500
001 - CONTROL NUMBER
control field he 68000402
003 - CONTROL NUMBER IDENTIFIER
control field DLC
005 - DATE AND TIME OF LATEST TRANSACTION
control field 20260227111453.0
008 - FIXED-LENGTH DATA ELEMENTS--GENERAL INFORMATION
fixed length control field 840716s1880 un 000 0 heb
010 ## - LIBRARY OF CONGRESS CONTROL NUMBER
LC control number he 68000402
035 ## - SYSTEM CONTROL NUMBER
System control number (OCoLC)19189179
040 ## - CATALOGING SOURCE
Original cataloging agency DLC
Transcribing agency MH
Modifying agency DLC
042 ## - AUTHENTICATION CODE
Authentication code premarc
050 00 - LIBRARY OF CONGRESS CALL NUMBER
Classification number BM522.85
Item number .C4739
100 1# - MAIN ENTRY--PERSONAL NAME
Personal name Schick, Moses ben Joseph,
Dates associated with a name 1807-1879.
245 10 - TITLE STATEMENT
Title Sheʼelot u-teshuvot Maharam Shiḳ :
Remainder of title ...ʻal Shulḥan ʻarukh...
260 ## - PUBLICATION, DISTRIBUTION, ETC.
Place of publication, distribution, etc. Mukachevo :
Name of publisher, distributor, etc. Bi-defus P. Blayer,
Date of publication, distribution, etc. 1880-
300 ## - PHYSICAL DESCRIPTION
Extent v. ;
Dimensions 38 cm.
500 ## - GENERAL NOTE
General note Vol. 2 printed in Lemberg.
650 #0 - SUBJECT ADDED ENTRY--TOPICAL TERM
Topical term or geographic name entry element Responsa
Chronological subdivision 1800-1948.
752 ## - ADDED ENTRY--HIERARCHICAL PLACE NAME
Country or larger entity Ukraine
City Mukachevo
752 ## - ADDED ENTRY--HIERARCHICAL PLACE NAME
Country or larger entity Ukraine
City Lemberg

No items available.

Powered by Koha